|
|
|
|
| LEADER |
00631cam a2200217 a 4500 |
| 001 |
0000037714 |
| 005 |
19980417090000.0 |
| 040 |
|
|
|a mod
|
| 041 |
|
|
|a eng
|
| 020 |
0 |
0 |
|a 085078896X
|
| 090 |
0 |
0 |
|a 641.0951
|b SHU
|
| 100 |
1 |
0 |
|a SHUI
|h Amy
|
| 245 |
1 |
0 |
|a Chinese food and drink
|b Amy Shui and Stuart Thompson
|
| 260 |
0 |
0 |
|a East Sussex
|b Wayland
|c 1987
|
| 300 |
0 |
0 |
|a 48p.
|b ill.
|c 26cm
|
| 440 |
0 |
0 |
|a Food and Drink
|
| 650 |
0 |
0 |
|a Cookery, Chinese
|x Juvenile Literature
|
| 650 |
0 |
0 |
|a Beverages
|z China
|x Juvenile
|
| 700 |
1 |
1 |
|a THOMPSON
|h Stuart
|
| 852 |
0 |
0 |
|a 01
|
| 999 |
|
|
|a 0125484
|b KEMENTAH
|d BOOKS
|e Koleksi Kanak-kanak (K)
|f Perpustakaan KEMENTAH
|j AVAILABLE
|q OLD
|